La llegada de los mamíferos un mundo nuevo / (Registro nro. 13121)

Detalles MARC
000 -LEADER
fixed length control field 00765nam a22002537a 4500
003 - CONTROL NUMBER IDENTIFIER
control field DO-SdBNP
005 - DATE AND TIME OF LATEST TRANSACTION
control field 20171127114638.0
008 - FIXED-LENGTH DATA ELEMENTS--GENERAL INFORMATION
fixed length control field 161031b 19uu sp a 00| 0 spa d
020 ## - INTERNATIONAL STANDARD BOOK NUMBER
International Standard Book Number 8475156711
040 ## - CATALOGING SOURCE
Original cataloging agency BPMSU
Language of cataloging spa
Transcribing agency BPMSU
082 ## - DEWEY DECIMAL CLASSIFICATION NUMBER
Classification number xxxx
Item number xxxx
100 ## - MAIN ENTRY--PERSONAL NAME
Personal name Berger, Melvin
245 13 - TITLE STATEMENT
Title La llegada de los mamíferos un mundo nuevo /
Statement of responsibility, etc. Melvin Berger ; ilustraciones Robert Cremins
260 ## - PUBLICATION, DISTRIBUTION, ETC. (IMPRINT)
Place of publication, distribution, etc. Madrid :
Name of publisher, distributor, etc. Montena - Mondibérica,
Date of publication, distribution, etc. [19--].
300 ## - PHYSICAL DESCRIPTION
Extent [16] p. :
Other physical details il.
Dimensions 23 cm.
490 0# - SERIES STATEMENT
Series statement Un libro vivo
500 ## - GENERAL NOTE
General note Es un libro troquelados.
700 1# - ADDED ENTRY--PERSONAL NAME
Personal name Cremins, Robert
Relator term il.
830 #0 - SERIES ADDED ENTRY--UNIFORM TITLE
Uniform title Un libro vivo
910 ## - USER-OPTION DATA (OCLC)
User-option data 000144
942 ## - ADDED ENTRY ELEMENTS (KOHA)
Source of classification or shelving scheme Dewey Decimal Classification
Koha item type Libros
945 ## - LOCAL PROCESSING INFORMATION (OCLC)
a Inventariado extranjero / 2017 YL
956 ## - LOCAL ELECTRONIC LOCATION AND ACCESS (OCLC)
Host name YLOCKWARD
Access number 10
Compression information 20171127
Path 144
Existencias
Withdrawn status Lost status Source of classification or shelving scheme Damaged status Not for loan Collection code Home library Current library Date acquired Source of acquisition Total Checkouts Full call number Barcode Date last seen Price effective from Koha item type
    Dewey Decimal Classification     Colección Juvenil General Biblioteca Pública Metropolitana Salomé Ureña Biblioteca Pública Metropolitana Salomé Ureña 11/27/2017 Donado por Fundi   xxxx xxxx BPMSU17110450 11/27/2017 11/27/2017 Libros